| 000 | 01002nam a22001457a 4500 | ||
|---|---|---|---|
| 003 | NUST | ||
| 005 | 20221230143947.0 | ||
| 008 | 221230b ||||| |||| 00| 0 eng d | ||
| 082 | _a355.309549,PAK | ||
| 245 |
_aPakistan Army Green Book -2018 / _cGHQ Rawalpindi |
||
| 260 |
_aRawalpindi, _bGHQ, _c2018 |
||
| 300 | _a190p. | ||
| 505 | _aGeo politics of Asia pacific (Page-4), Islamic peacekeeping force (Page-16), Terrorist mind and its couter narrative (Page-26), Counter terrorism and social media (Page-32), Evolution of operational art Since 1910 (Page-40), Trump's Af-Pak policy (Page-53), Growing indo US nexus and changing strategic environment (Page-70), South Asia Nuclear Saga (Page-77), CPEC (Page-88), Contemporary perspectives on Pak-India trade liberalisation (Page-96), Pakistan Iran relations (Page-112), Energy security of Pakistan in the back drop of CPEC (Page-123), Governance issues in Pakistan (Page-165), A Journy through ranks (Page-186). | ||
| 942 |
_2ddc _cBK _k355.309549,PAK |
||
| 999 |
_c592860 _d592860 |
||